Evidence-based nursing : (Record no. 692)

000 -LEADER
fixed length control field 03249nam a22006617a 4500
001 - CONTROL NUMBER
control field 12202496
003 - CONTROL NUMBER IDENTIFIER
control field LIBRIS
005 - DATE AND TIME OF LATEST TRANSACTION
control field 20241031115753.0
008 - FIXED-LENGTH DATA ELEMENTS--GENERAL INFORMATION
fixed length control field 110608s2012 xxua||||||||||001 0|eng|c
010 ## - LIBRARY OF CONGRESS CONTROL NUMBER
LC control number 2010026810
016 7# - NATIONAL BIBLIOGRAPHIC AGENCY CONTROL NUMBER
Record control number 101534065
Source DNLM
020 ## - INTERNATIONAL STANDARD BOOK NUMBER
International Standard Book Number 9781449624064
Qualifying information pbk.
020 ## - INTERNATIONAL STANDARD BOOK NUMBER
International Standard Book Number 1449624065
Qualifying information pbk.
020 ## - INTERNATIONAL STANDARD BOOK NUMBER
International Standard Book Number 9780763794651
Qualifying information pbk.
020 ## - INTERNATIONAL STANDARD BOOK NUMBER
International Standard Book Number 0763794651
Qualifying information pbk.
035 ## - SYSTEM CONTROL NUMBER
System control number (OCoLC)645598119
Canceled/invalid control number (OCoLC)696718714
035 ## - SYSTEM CONTROL NUMBER
System control number (OCoLC)ocn645598119
035 ## - SYSTEM CONTROL NUMBER
System control number DAW20159211
040 ## - CATALOGING SOURCE
Original cataloging agency DNLM/DLC
Transcribing agency DLC
Modifying agency YDX
-- NLM
-- YDXCP
-- TVJ
-- BWX
-- WAU
-- Eshe
Description conventions a
041 ## - LANGUAGE CODE
Language code of text/sound track or separate title eng
042 ## - AUTHENTICATION CODE
Authentication code pcc
050 00 - LIBRARY OF CONGRESS CALL NUMBER
Classification number RT81.5
Item number .B82 2012
080 ## - UNIVERSAL DECIMAL CLASSIFICATION NUMBER
Universal Decimal Classification number 616-08
Item number B-89
082 04 - DEWEY DECIMAL CLASSIFICATION NUMBER
Classification number 610.73
Edition number 22
084 ## - OTHER CLASSIFICATION NUMBER
Classification number V
Number source kssb/8 (machine generated)
100 1# - MAIN ENTRY--PERSONAL NAME
Personal name Brown, Sarah Jo
245 10 - TITLE STATEMENT
Title Evidence-based nursing :
Remainder of title the research-practice connection /
Statement of responsibility, etc. Sarah Jo Brown.
250 ## - EDITION STATEMENT
Edition statement 2nd edition
260 ## - PUBLICATION, DISTRIBUTION, ETC.
Place of publication, distribution, etc. Sudbury, MA :
Name of publisher, distributor, etc. Jones & Bartlett Learning,
Date of publication, distribution, etc. 2012
300 ## - PHYSICAL DESCRIPTION
Extent x, 429 s.
Other physical details ill.
Dimensions 23 cm.
340 ## - PHYSICAL MEDIUM
Dimensions 23 cm.
504 ## - BIBLIOGRAPHY, ETC. NOTE
Bibliography, etc. note Includes bibliographical references and index.
505 8# - FORMATTED CONTENTS NOTE
Formatted contents note The research-practice connection -- Research evidence -- Reading research articles -- Qualitative research -- Descriptive research -- Correlational research -- Experimental research -- Cohort research -- Systematic reviews -- Evidence-based clinical practice guidelines -- Asking clinical questions -- Searching for research evidence -- Appraising research evidence -- Appraising recommendations of clinical practice guidelines -- Appraising conclusions of integrative research reviews -- Appraising findings of original studies -- Evidence-based practice -- Evidence-based practice participation scenarios -- Research-informed practice.
611 24 - SUBJECT ADDED ENTRY--MEETING NAME
Meeting name or jurisdiction name as entry element Bestsk�v
650 #0 - SUBJECT ADDED ENTRY--TOPICAL TERM
Topical term or geographic name entry element Evidence-based nursing.
650 #0 - SUBJECT ADDED ENTRY--TOPICAL TERM
Topical term or geographic name entry element Patient Care
9 (RLIN) 285
650 #0 - SUBJECT ADDED ENTRY--TOPICAL TERM
Topical term or geographic name entry element Nursing
General subdivision Research
-- Methodology.
650 12 - SUBJECT ADDED ENTRY--TOPICAL TERM
Topical term or geographic name entry element Nursing Research
650 22 - SUBJECT ADDED ENTRY--TOPICAL TERM
Topical term or geographic name entry element Evidence-Based Medicine
General subdivision methods
650 22 - SUBJECT ADDED ENTRY--TOPICAL TERM
Topical term or geographic name entry element Nursing Care
General subdivision methods
653 ## - INDEX TERM--UNCONTROLLED
Uncontrolled term პაციენტის მოვლა
653 ## - INDEX TERM--UNCONTROLLED
Uncontrolled term მტკიცებულებაზე დაფუძნებული პაციენტის მოვლა
653 ## - INDEX TERM--UNCONTROLLED
Uncontrolled term პაციენტის მოვლის კვლევა
887 ## - NON-MARC INFORMATION FIELD
Content of non-MARC field {"@id":"j2vwks5v50xsnvg","modified":"2016-12-09T10:43:17+01:00","checksum":"61506852090"}
Source of data librisxl
887 ## - NON-MARC INFORMATION FIELD
Content of non-MARC field {"@id":"lqxc2rdr48xvr2q","modified":"2013-10-04T09:35:16+02:00","checksum":"24211371601"}
Source of data librisxl
887 ## - NON-MARC INFORMATION FIELD
Content of non-MARC field {"@id":"z39nfxc406fcxx6","modified":"2012-10-30T15:53:52+01:00","checksum":"44188863150"}
Source of data librisxl
887 ## - NON-MARC INFORMATION FIELD
Content of non-MARC field {"@id":"bgn0j6wh020xtrx","modified":"2012-09-27T13:49:28+02:00","checksum":"45370847479"}
Source of data librisxl
887 ## - NON-MARC INFORMATION FIELD
Content of non-MARC field {"@id":"qv2d394w332dzj8","modified":"2011-09-30T14:08:59+02:00","checksum":"26381716909"}
Source of data librisxl
942 ## - ADDED ENTRY ELEMENTS (KOHA)
Source of classification or shelving scheme
Koha item type Books
Edition 2
Holdings
Withdrawn status Lost status Source of classification or shelving scheme Damaged status Not for loan Permanent location Current location Date acquired Inventory number Total Checkouts Full call number Barcode Date last seen Price effective from Koha item type
          Ken Walker International University Ken Walker International University 12/18/2020 2153   616-08 B-89 2153 12/18/2020 12/18/2020 Books
          Ken Walker International University Ken Walker International University 12/18/2020 2152   616-08 B-89 2152 12/18/2020 12/18/2020 Books
          Ken Walker International University Ken Walker International University 12/18/2020 2151   616-08 B-89 2151 12/18/2020 12/18/2020 Books

Powered by Koha